Ilión (Registro nro. 12727)

000 -CABECERA
campo de control de longitud fija 01383nam a22001935a 4500
001 - NÚMERO DE CONTROL
campo de control 1667459
003 - IDENTIFICADOR DEL NÚMERO DE CONTROL
campo de control OSt
005 - FECHA Y HORA DE LA ÚLTIMA TRANSACCIÓN
campo de control 20210108131619.0
008 - DATOS DE LONGITUD FIJA--INFORMACIÓN GENERAL
campo de control de longitud fija 201128s g 000 0dspa d
020 ## - NÚMERO INTERNACIONAL ESTÁNDAR DEL LIBRO
Número Internacional Estándar del Libro 9789585206328
040 ## - FUENTE DE LA CATALOGACIÓN
Centro/agencia transcriptor CO-MqBPB
082 ## - NÚMERO DE LA CLASIFICACIÓN DECIMAL DEWEY
Número de edición AN
Número de clasificación SIMM
Número de documento/Ítem Libro
245 10 - MENCIÓN DE TÍTULO
Título Ilión
Mención de responsabilidad, etc. Dan Simmons.
260 ## - PUBLICACIÓN, DISTRIBUCIÓN, ETC.
Lugar de publicación, distribución, etc. Barcelona :
Nombre del editor, distribuidor, etc. Nova,
Fecha de publicación, distribución, etc. 2019.
300 ## - DESCRIPCIÓN FÍSICA
Extensión 687 páginas ;
Dimensiones 23 cm.
500 ## - NOTA GENERAL
Nota general La historia del asedio de Troya, reconstruida por uno de los grandes maestros de la ciencia ficción moderna. Premio Locus 2004. En un lejano futuro, la guerra de Troya estalla a la sombra del monte Olimpo de Marte, bajo la atenta mirada de Zeus y los suyos. Empiezan las sucias batallas entre los dioses más vengativos. En la Tierra, los pocos humanos que quedan persiguen un pasado perdido y una verdad devastadora. Mientras tanto, cuatro máquinas sensibles parten del espacio jupiterino para investigar e intentar acabar con las emisiones potencialmente catastróficas que emanan de la cima de una alta montaña en la superficie habitada del planeta rojo. Ilión es la inolvidable novela en que Dan Simmons, autor clave de la ciencia ficción moderna, recrea uno de los grandes mitos literarios de la humanidad. Bienvenidos a una obra única e irrepetible que ya ha maravillado a millones de lectores en todo el mundo.
650 ## - PUNTO DE ACCESO ADICIONAL DE MATERIA--TÉRMINO DE MATERIA
Fuente del encabezamiento o término Novela Histórica
942 ## - ELEMENTOS DE PUNTO DE ACCESO ADICIONAL (KOHA)
Fuente del sistema de clasificación o colocación
Tipo de ítem Koha Libro Literatura
Existencias
Estado de retiro Estado de pérdida Fuente del sistema de clasificación o colocación Estado dañado No para préstamo Código de colección Localización permanente Ubicación/localización actual Fecha de adquisición Fuente de adquisición Número de inventario Total de préstamos Signatura topográfica completa Código de barras Fecha visto por última vez Fecha del último préstamo Número de copia Precio válido a partir de Tipo de ítem Koha Nota pública
          Literatura Adulto Biblioteca Pública San Juan Bosco Biblioteca Pública San Juan Bosco 08/01/2021 Compra NT 3 AN SIMM MOS500362 02/10/2024 18/09/2024 ej 1 08/01/2021 Libro Literatura Quince dias

© Todos los derechos reservados para la Biblioteca Pública Municipal San Juan Bosco, 2020
Secretaria de Cultura de Mosquera
Carrera 3 N° 10 Esquina Centro Cultural Barrio El Carmén Teléfono: 8270830 Ext: 34
Funcionando con KOHA
Contacto: Biblioteca Pública Municipal San Juan Bosco/ bibliotecasanjuanbosco@mosquera-cundinamarca.gov.co
Mosquera, Cundinamarca